South Eastern Kenya University

Library Online Public Access Catalogue


Dying with dignity : (Record no. 14850)

MARC details
000 -LEADER
fixed length control field 00686pam a2200241 a 4500
001 - CONTROL NUMBER
control field 3434877
003 - CONTROL NUMBER IDENTIFIER
control field OSt
005 - DATE AND TIME OF LATEST TRANSACTION
control field 20160530125528.0
008 - FIXED-LENGTH DATA ELEMENTS--GENERAL INFORMATION
fixed length control field 911212s1992 nju b 000 0 eng
010 ## - LIBRARY OF CONGRESS CONTROL NUMBER
LC control number 91046786
020 ## - INTERNATIONAL STANDARD BOOK NUMBER
International Standard Book Number 1559721057 (cloth)
040 ## - CATALOGING SOURCE
Original cataloging agency SEKU
050 00 - LIBRARY OF CONGRESS CALL NUMBER
Classification number R 726
Item number .H8
082 00 - DEWEY DECIMAL CLASSIFICATION NUMBER
Classification number 179/.7
Edition number 20
100 1# - MAIN ENTRY--PERSONAL NAME
Personal name Humphry, Derek,
Dates associated with a name 1930-
245 10 - TITLE STATEMENT
Title Dying with dignity :
Remainder of title understanding euthanasia /
Statement of responsibility, etc. by Derek Humphry.
260 ## - PUBLICATION, DISTRIBUTION, ETC. (IMPRINT)
Place of publication, distribution, etc. Secaucus, N.J. :
Name of publisher, distributor, etc. Carol Pub. Group,
Date of publication, distribution, etc. 1992.
300 ## - PHYSICAL DESCRIPTION
Extent 215 p. ;
Dimensions 22 cm.
500 ## - GENERAL NOTE
General note "A Birch Lane Press book."
504 ## - BIBLIOGRAPHY, ETC. NOTE
Bibliography, etc Includes bibliographical references (p. 215).
650 #0 - SUBJECT ADDED ENTRY--TOPICAL TERM
Topical term or geographic name as entry element Euthanasia.
942 ## - ADDED ENTRY ELEMENTS (KOHA)
Source of classification or shelving scheme Library of Congress Classification
Koha item type General circulation
Holdings
Withdrawn status Lost status Source of classification or shelving scheme Damaged status Not for loan Home library Current library Shelving location Date acquired Source of acquisition Total Checkouts Full call number Barcode Date last seen Price effective from Koha item type Public note
    Library of Congress Classification     Main Campus Library Main Campus Library General Stacks 30/05/2016 Donation - Books for Africa   R 726 .H8 2016/018826 30/05/2016 30/05/2016 General circulation stv
Kitui, Kenya.
+254736116989
library@seku.ac.ke